Christian-Georges Schwentzel Les Nabatéens IVe avant J.-C. – IIe siècle. De Pétra à Al-Ula, les bâtisseurs du désert. Tallandier, « Humanités », 2025, 384 pages, 27,90 €. (notice n° 1618524)

détails MARC
000 -LEADER
fixed length control field 00781cam a2200157 4500500
005 - DATE AND TIME OF LATEST TRANSACTION
control field 20260111090137.0
041 ## - LANGUAGE CODE
Language code of text/sound track or separate title fre
042 ## - AUTHENTICATION CODE
Authentication code dc
100 10 - MAIN ENTRY--PERSONAL NAME
Personal name Plusquellec, Florent
Relator term author
245 00 - TITLE STATEMENT
Title Christian-Georges Schwentzel Les Nabatéens IVe avant J.-C. – IIe siècle. De Pétra à Al-Ula, les bâtisseurs du désert. Tallandier, « Humanités », 2025, 384 pages, 27,90 €.
260 ## - PUBLICATION, DISTRIBUTION, ETC.
Date of publication, distribution, etc. 2025.<br/>
500 ## - GENERAL NOTE
General note 88
520 ## - SUMMARY, ETC.
Summary, etc. La fondation Louis-Vuitton, à Paris, propose une rétrospective de l’œuvre de Gerhard Richter, un panorama complet couvrant soixante ans de création artistique.
786 0# - DATA SOURCE ENTRY
Note Études | - | 13 | 2025-12-30 | p. 130a-131 | 0014-1941
856 41 - ELECTRONIC LOCATION AND ACCESS
Uniform Resource Identifier <a href="https://shs.cairn.info/revue-etudes-2025-13-page-130a?lang=fr&redirect-ssocas=7080">https://shs.cairn.info/revue-etudes-2025-13-page-130a?lang=fr&redirect-ssocas=7080</a>

Pas d'exemplaire disponible.

PLUDOC

PLUDOC est la plateforme unique et centralisée de gestion des bibliothèques physiques et numériques de Guinée administré par le CEDUST. Elle est la plus grande base de données de ressources documentaires pour les Étudiants, Enseignants chercheurs et Chercheurs de Guinée.

Adresse

627 919 101/664 919 101

25 boulevard du commerce
Kaloum, Conakry, Guinée

Réseaux sociaux

Powered by Netsen Group @ 2025